[Event "Puerto Boyaca op (Women)"]
[Site "Puerto Boyaca"]
[Date "2012.04.28"]
[Round "4"]
[White "Gutierrez, Laura"]
[Black "Velez Alvarez, Laura Camila"]
[Result "0-1"]
[WhiteElo "1509"]
[BlackElo "1662"]
[PlyCount "38"]
[EventDate "2012.04.26"]
[EventType "swiss"]
[EventRounds "9"]
[EventCountry "COL"]
[SourceTitle "CBM 148 Extra"]
[Source "ChessBase"]
[SourceDate "2012.06.22"]
[SourceVersion "1"]
[SourceVersionDate "2012.06.22"]
[SourceQuality "1"]

1. e4 c5 2. Nf3 d6 3. d4 cxd4 4. Nxd4 Nf6 5. Nc3 g6 6. Bg5 Bg7 7. f3 0-0 8. Qd2 Nc6 9. Nxc6 bxc6 10. Bh6 Rb8 11. 0-0-0 Qb6 12. b3 Be6 13. Bxg7 Kxg7 14. Qd4 c5 15. Qa4 Bd7 16. Qa6 Qb4 17. Kb2 Rfc8 18. Bc4 Rc7 19. Qa3 Qxc4 0-1

[Event "Puerto Boyaca op (Women)"]
[Site "Puerto Boyaca"]
[Date "2012.04.27"]
[Round "2"]
[White "Munoz Monroy, Cinthya Carolina"]
[Black "Gutierrez, Laura"]
[Result "1-0"]
[WhiteElo "1832"]
[BlackElo "1509"]
[PlyCount "69"]
[EventDate "2012.04.26"]
[EventType "swiss"]
[EventRounds "9"]
[EventCountry "COL"]
[SourceTitle "CBM 148 Extra"]
[Source "ChessBase"]
[SourceDate "2012.06.22"]
[SourceVersion "1"]
[SourceVersionDate "2012.06.22"]
[SourceQuality "1"]

1. e4 Nf6 2. e5 Nd5 3. d4 d6 4. Bc4 Nb6 5. Bd3 Nc6 6. Nf3 Bg4 7. Be2 Qd7 8. d5 Nb4 9. Nc3 0-0-0 10. a3 Na6 11. e6 fxe6 12. Bb5 c6 13. dxc6 bxc6 14. Bxa6+ Kb8 15. 0-0 e5 16. Qe2 g6 17. h3 Bf5 18. Nxe5 Qc7 19. Nf7 Rg8 20. Nxd8 Qxd8 21. a4 Bc8 22. a5 Bxa6 23. Qxa6 Nd7 24. Qxc6 Ne5 25. Qb5+ Ka8 26. Qd5+ Kb8 27. a6 Qc7 28. Qxg8 Nd7 29. Bh6 Qd8 30. Qd5 Qc7 31. Nb5 Qb6 32. Be3 Nf6 33. Qb3 Qd8 34. Nxa7+ Ka8 35. Qb7# 1-0

[Event "Cali op-D"]
[Site "Cali"]
[Date "2008.12.30"]
[Round "9"]
[White "Millan, Manuel"]
[Black "Gutierrez, Laura"]
[Result "0-1"]
[WhiteElo "1300"]
[BlackElo "1427"]
[PlyCount "42"]
[EventDate "2008.12.26"]
[EventType "swiss"]
[EventRounds "9"]
[EventCountry "COL"]
[SourceTitle "EXT 2011"]
[Source "ChessBase"]
[SourceDate "2010.11.26"]
[SourceVersion "1"]
[SourceVersionDate "2010.11.26"]
[SourceQuality "1"]

1. e4 e5 2. Nf3 Nc6 3. d4 Nxd4 4. Nxd4 exd4 5. Qxd4 d6 6. Be2 Be7 7. 0-0 Nf6 8. Bg5 Be6 9. Bxf6 Bxf6 10. Qb4 Rb8 11. Nc3 0-0 12. h3 d5 13. exd5 Bxd5 14. Nxd5 Qxd5 15. Rfd1 Qe5 16. Rd2 Be7 17. Qa4 Qxb2 18. Rad1 Qe5 19. Rc1 Qxe2 20. Re1 Qxd2 21. Rd1 Qxd1+ 0-1

[Event "Cali op-D"]
[Site "Cali"]
[Date "2008.12.28"]
[Round "6"]
[White "Gutierrez, Laura"]
[Black "Ochoa, Santiago"]
[Result "0-1"]
[WhiteElo "1427"]
[BlackElo "1335"]
[PlyCount "32"]
[EventDate "2008.12.26"]
[EventType "swiss"]
[EventRounds "9"]
[EventCountry "COL"]
[SourceTitle "EXT 2011"]
[Source "ChessBase"]
[SourceDate "2010.11.26"]
[SourceVersion "1"]
[SourceVersionDate "2010.11.26"]
[SourceQuality "1"]

1. e4 e5 2. Nf3 Nc6 3. Bc4 Nf6 4. d4 exd4 5. Nxd4 Nxd4 6. Qxd4 Be7 7. e5 c5 8. Qe3 Ng4 9. Qf4 d5 10. Be2 Bg5 11. Qa4+ Bd7 12. Qb3 Bxc1 13. 0-0 Bf4 14. Nc3 Qh4 15. Rfd1 Qxh2+ 16. Kf1 Qh1# 0-1